| 000 | 00000nam##2200000za#4500 |
| 001 | 9.644176 |
| 003 | CaOODSP |
| 005 | 20250506145324 |
| 007 | cr ||||||||||| |
| 008 | 150407|1968||||xxc|||||o f|0| 0 fre|d |
| 040 | |aCaOODSP|bfre |
| 043 | |an-cn--- |
| 086 | 1 |aA53-1024/1968F-PDF |
| 110 | 1 |aCanada.|bAgriculture Canada. |
| 245 | 13|aLa régénération des pâturages dans les provinces Maritimes / |h[ressource électronique]|c[par] F.W. Calder et F.S. Warren. |
| 260 | |aOttawa - Ontario : |bAgriculture Canada |c1968. |
| 300 | |a16p.|bfigures, ill., tableaux |
| 500 | |aPublication historique numérisée par Agriculture et Agroalimentaire Canada. |
| 590 | |a15-02-Supp|b2015-02-16 |
| 720 | 1 |aCalder, F. W. |
| 720 | 1 |aWarren, F. S. |
| 775 | 08|tPasture renovation in the Maritime Provinces / |w(CaOODSP)9.700276 |
| 856 | 40|ahttp://publications.gc.ca|qPDF|s1572 Ko|uhttps://publications.gc.ca/collections/collection_2015/aac-aafc/A53-1024-1968-fra.pdf |
| 986 | |aPublication 1024 |